Hegel y la economía mundial: crítica y génesis de la economía política del colonialismo.
Uloženo v:
| Hlavní autor: | |
|---|---|
| Médium: | Kniha |
| Jazyk: | španělština |
| Vydáno: |
Valparaíso, Chile
Universitarias
2019
|
| Témata: | |
| Tagy: |
Přidat tag
Žádné tagy, Buďte první, kdo vytvoří štítek k tomuto záznamu!
|
MARC
| LEADER | 00000cam a2200000 a 4500 | ||
|---|---|---|---|
| 001 | UCB0154 | ||
| 003 | CL-VaPUC | ||
| 005 | 20220706134239.0 | ||
| 008 | 191213e20190000cl spa d | ||
| 999 | |c 376356 |d 376354 | ||
| 020 | |a 9789561708389 | ||
| 040 | |c Pontificia Universidad Católica de Valparaíso | ||
| 082 | 0 | 4 | |a 193 NAR 2019 |2 21 |
| 100 | |a Narváez León, Angelo Antonio |e autor |9 848649 | ||
| 245 | 1 | 0 | |a Hegel y la economía mundial: crítica y génesis de la economía política del colonialismo. |
| 260 | 0 | 3 | |a Valparaíso, Chile |b Universitarias |c 2019 |
| 300 | |a 207 páginas. | ||
| 583 | |a last modification |c 20191213 11:48:00 |k Rodrigo Vera | ||
| 650 | 0 | 0 | |a Filosofía alemana |9 265002 |
| 650 | 0 | 7 | |a Filósofos alemanes |2 CL-VaPUC |9 605488 |
| 650 | 0 | 0 | |a Economía |9 255568 |
| 942 | |c BK |2 ddc | ||
| 945 | |a dcastane |d 20191213 11:48:00 | ||
| 952 | |0 0 |1 0 |2 ddc |3 erb |4 0 |6 193_000000000000000_NAR_2019 |7 0 |8 A |9 495746 |a BIBEDU |b BIBEDU |i 5613132 |o 193 NAR 2019 |p 5613132 |r 2020-01-06 |w 2020-01-06 |y BK |z Catalogado en:20191213 |k FIL | ||
| 952 | |0 0 |1 0 |2 ddc |3 erb |4 0 |6 193_000000000000000_NAR_2019 |7 0 |8 A |9 495747 |a BIBEDU |b BIBEDU |i 5613124 |o 193 NAR 2019 |p 5613124 |r 2020-01-06 |w 2020-01-06 |y BK |z Catalogado en:20191213 |k FIL | ||
| 952 | |0 0 |1 0 |2 ddc |3 erb |4 0 |6 193_000000000000000_NAR_2019 |7 0 |8 A |9 495748 |a BIBGIM |b BIBGIM |c GEN |i 5613116 |l 1 |o 193 NAR 2019 |p 5613116 |r 2025-01-15 |s 2022-07-07 |w 2020-01-06 |y BK |z Catalogado en:20191213 |k GIM | ||
| 952 | |0 0 |1 0 |2 ddc |3 erb |4 0 |6 193_000000000000000_NAR_2019 |7 0 |8 A |9 495749 |a BIBGIM |b BIBGIM |c GEN |i 5613108 |o 193 NAR 2019 |p 5613108 |r 2025-01-15 |w 2020-01-06 |y BK |z Catalogado en:20191213 |k GIM | ||
| 952 | |0 0 |1 0 |2 ddc |4 0 |6 193_000000000000000_NAR_2019 |7 0 |8 A |9 577220 |a BIBEDU |b BIBEDU |d 2020-12-17 |i 5619769 |o 193 NAR 2019 |p 5619769 |r 2020-12-17 |t 5 |w 2020-12-17 |y BK |k FIL | ||
| 952 | |0 0 |1 0 |2 ddc |4 0 |6 193_000000000000000_NAR_2019 |7 0 |8 A |9 577221 |a BIBGIM |b BIBGIM |d 2020-12-17 |i 5619777 |o 193 NAR 2019 |p 5619777 |r 2025-01-15 |t 6 |w 2020-12-17 |y BK |k GIM | ||